000 00375nam a2200145Ia 4500
008 230917s9999||||xx |||||||||||||| ||und||
040 _e199624
_aMAIN
041 _aEnglish
082 _a363.325 R18G
100 _aRao, Narayan Singh
245 0 _aGlobal terrorism and security. 2V
260 _aNew Delhi
_bMittal Publications
_c2010
300 _ax, 660 p.
942 _cBK
999 _c159908
_d159908